00947nam a22002657a 45000010005000000030006000050050017000110080041000280200015000690400029000840500015001130820010001281000018001382450073001562500046002292600049002753000059003245050008003835200160003915210023005515210020005746500027005946500027006217000033006487643FISKH20250729113354.0250729b cb ||||| |||| 00| 0 eng d a0590427202 aFISKHbengcFISKHdFISKH aPZ8.S453 A a398.2 aSeeger, Pete  aAbiyoyo / cPete Seeger's Storysong : illustrations by Michaels Hays aFirst Scholastic printing, September 1989 aNew York : bScholstic , c1963, 1964, 1986. a48 unnumbered pages :bcolor illustrations ;c23 cm .  aI  aBanished from the town for making mischief, a little boy and his father are welcomed back when they find a way to make the dreaded giant Abiyoyo disappear.8 a470 bLexile AD 8 aI bRaz-Plus  aMulticulturalvFiction aSouth Africa vFiction aHays, Michael eIllustrator